Online Catalogue and eLibrary

Sri Lankawedi thahanam kala nohakiwuu deviyange adaviya (Record no. 4913)

MARC details
000 -LEADER
fixed length control field 00462nam a2200169Ia 4500
005 - DATE AND TIME OF LATEST TRANSACTION
control field 20250428012757.0
008 - FIXED-LENGTH DATA ELEMENTS--GENERAL INFORMATION
fixed length control field 240331s9999 xx 000 0 und d
020 ## - INTERNATIONAL STANDARD BOOK NUMBER
ISBN 955934868X
082 ## - DDC Classification
Item Number - Author Mark MAH
Class No. 891
100 ## - MAIN ENTRY--PERSONAL NAME
Personal name Mahamudi,B
245 #0 - TITLE STATEMENT
Title Sri Lankawedi thahanam kala nohakiwuu deviyange adaviya
250 ## - EDITION STATEMENT
Edition statement 2nd
260 ## - PUBLICATION, DISTRIBUTION, ETC.
Place of publication, distribution, etc. Colombo
Name of publisher, distributor, etc. Sooriya Publishers
Date of publication, distribution, etc. 2000
300 ## - PHYSICAL DESCRIPTION
Extent (e.g. Volumes, Pages etc.) 332 p .,
500 ## - GENERAL NOTE
General note Sinhala Translation of Not Without My Daughter
942 ## - Koha item type (Biblio)
Koha item type Books in Stacks (Lending)
Holdings
Lost status Damaged status Collection code Home library Current library Shelving location Date acquired Full call number Accession Number Item type
    Lending WERC Library WERC Library Social Science Cupboard 03/31/2024 891.48 MAH 4459 Books in Stacks (Lending)

© WERC Library